| 000 | 00372cam a2200145ua 4500 | ||
|---|---|---|---|
| 041 |
_aeng _h |
||
| 082 |
_a825 _bRUS/AU |
||
| 100 | _aRussel, Bertrand . | ||
| 245 |
_aAuthority and the invidual / _cRussel,Bertrand. _hTextual Documents |
||
| 260 |
_aLondon : _bGeorge Allen & Unwin Ltd , _c1955. |
||
| 300 | _a125 ; . | ||
| 504 | _a | ||
| 942 | _cBK | ||
| 999 |
_c12840 _d12840 |
||